Postacie z serialu The Walking Dead - Statystyki

Ogólne statystyki
  • Ten quiz został rozwiązany 109 razy
  • Średni wynik to 13 z 15
Statystyki odpowiedzi
Obrazkowy Odpowiedź % Poprawnych
Daryl
96%
Rick
96%
Carl
93%
Carol
92%
Michonne
88%
Lori
86%
Philip (Gubernator)
86%
Shane
86%
Glenn
84%
Hershel
84%
Maggie
84%
Beth
78%
Andrea
74%
Merle
71%
Dale
58%
Nie znaleziono quizów pasujących do podanych kryteriów
Rozkład punktacji
Procent ludzi z każdym wynikiem
Percentyl według liczby udzielonych odpowiedzi
Twoja historia wyników
Nie rozwiązałeś tego quizu